<?xml version="1.0" encoding="UTF-8"?>
<record
    xmlns:xsi="http://www.w3.org/2001/XMLSchema-instance"
    xsi:schemaLocation="http://www.loc.gov/MARC21/slim http://www.loc.gov/standards/marcxml/schema/MARC21slim.xsd"
    xmlns="http://www.loc.gov/MARC21/slim">

  <leader>00538nam  2200157   4500</leader>
  <controlfield tag="001">5923</controlfield>
  <datafield tag="090" ind1=" " ind2=" ">
    <subfield code="a">5923</subfield>
  </datafield>
  <datafield tag="100" ind1=" " ind2=" ">
    <subfield code="a">20190729k        u||y0frey50      ba</subfield>
  </datafield>
  <datafield tag="101" ind1=" " ind2=" ">
    <subfield code="a">fre</subfield>
    <subfield code="c">eng</subfield>
  </datafield>
  <datafield tag="200" ind1=" " ind2=" ">
    <subfield code="a">Sant&#xE9; vaginale et infections</subfield>
    <subfield code="b">Brochure</subfield>
    <subfield code="f">[Sarah Berndt]</subfield>
  </datafield>
  <datafield tag="210" ind1=" " ind2=" ">
    <subfield code="a">Outaouais (Qu&#xE9;bec)</subfield>
    <subfield code="c">Centre de sant&#xE9; des femmes</subfield>
    <subfield code="d">[198?]</subfield>
  </datafield>
  <datafield tag="215" ind1=" " ind2=" ">
    <subfield code="a">18 p.</subfield>
    <subfield code="d">22 cm</subfield>
  </datafield>
  <datafield tag="300" ind1=" " ind2=" ">
    <subfield code="a">Trad. partielle de : Vaginal Health / Sarah Berndt. - New Hampshire Feminist Health Center. - Bibliogr.</subfield>
  </datafield>
  <datafield tag="606" ind1=" " ind2=" ">
    <subfield code="9">616</subfield>
    <subfield code="a">Gyn&#xE9;cologie</subfield>
  </datafield>
  <datafield tag="700" ind1=" " ind2=" ">
    <subfield code="9">6754</subfield>
    <subfield code="a">Berndt</subfield>
    <subfield code="b">Sarah</subfield>
  </datafield>
  <datafield tag="801" ind1=" " ind2=" ">
    <subfield code="a">CH</subfield>
    <subfield code="b">CH-002049-8</subfield>
  </datafield>
  <datafield tag="995" ind1=" " ind2=" ">
    <subfield code="1">0</subfield>
    <subfield code="2">0</subfield>
    <subfield code="3">0</subfield>
    <subfield code="5">2026-03-13</subfield>
    <subfield code="9">6875</subfield>
    <subfield code="b">ARCHIC</subfield>
    <subfield code="c">ARCHIC</subfield>
    <subfield code="e">Brochures</subfield>
    <subfield code="f">7767</subfield>
    <subfield code="h">MLF</subfield>
    <subfield code="k">Broch 2655</subfield>
    <subfield code="o">1</subfield>
  </datafield>
</record>
